LDR 01008naa#a2200217#i#450# 001 EN\\bibl\119357 005 20260417114756.5 011 ## _a2311-8873 100 ## _a20260410b2026####ek#y0engy0150####ca 102 ## _aRU 200 1# _aEXPERIMENTAL DETERMINATION OF THE IMPACT ON CHANGES IN THE EFFECTIVE ELECTRICAL CONDUCTIVITY OF THE ELECTROLYTE AND THE METAL CURRENT EFFICIENCY ON THE LOGARITHMIC DISPERSION INDEX DURING ELECTROCHEMICAL MACHINING _eJournal article 210 1# _aVoronezh _cFSBE Institution of Higher Education Voronezh State University of Forestry and Technologies named after G.F. Morozov _d2026 215 ## _a6 с. 608 ## _aJournal article _2local 675 ## _aХимическая и электрохимическая обработка. 621.9.047 _z 700 #1 _aBoldyrev _gAlexander Alexandrovich 700 #1 _aGrigorash _gVladimir Vasilievich 700 #1 _aBoldyrev _gAleksandr Ivanovich 700 #1 _aPadurets _gAnna Alexandrovna 700 #1 _aPerova _gAlla Vladimirovna 856 4# _avntv.editorum.ru _u